Философия древнего мира и средних веков: учебное пособие для высшей школы

Bibliographic Details
Main Author: Звиревич В. Т. Витольд Титович
Summary:Предлагаемое пособие предназначено для тех, кто приступает к изучению истории философии. В книге представлены в основном наиболее значительные философские учения древности и средневековья, роль которых в духовном развитии человечества является общепризнанной, имена которых отобраны самим временем. Кроме того, представляется вполне оправданным ограничиться преимущественно учениями основоположников тех или иных философских школ, ибо «лучше черпать из родников, чем стремиться к ручейкам», как писал Цицерон. Пособие написано в жанре очерка истории философии. О каждом из философских учений автор старался составить такой рассказ, чтобы оно предстало перед читателем как система последовательно связанных между собой положений, чтобы о нем сложилось некоторое целостное впечатление. Хронологическое изложение дополнено рядом параграфов, в которых обобщенно, в виде типологии представлены античные учения о человеке.
Language:Russian
Published: Москва, Академический проект, 2004
Series:Gaudeamus
Subjects:
Format: Book
KOHA link:https://koha.lib.tpu.ru/cgi-bin/koha/opac-detail.pl?biblionumber=144644

MARC

LEADER 00000nam0a2200000 4500
001 144644
005 20231101221117.0
010 |a 5829102129 
035 |a (RuTPU)RU\TPU\book\156758 
035 |a RU\TPU\book\42086 
090 |a 144644 
100 |a 20020603d2004 m y0rusy50 ca 
101 0 |a rus 
102 |a RU 
105 |a y j 000zy 
200 1 |a Философия древнего мира и средних веков  |e учебное пособие для высшей школы  |f В. Т. Звиревич 
210 |a Москва  |c Академический проект  |d 2004 
215 |a 416 с. 
225 1 |a Gaudeamus 
330 |a Предлагаемое пособие предназначено для тех, кто приступает к изучению истории философии. В книге представлены в основном наиболее значительные философские учения древности и средневековья, роль которых в духовном развитии человечества является общепризнанной, имена которых отобраны самим временем. Кроме того, представляется вполне оправданным ограничиться преимущественно учениями основоположников тех или иных философских школ, ибо «лучше черпать из родников, чем стремиться к ручейкам», как писал Цицерон. Пособие написано в жанре очерка истории философии. О каждом из философских учений автор старался составить такой рассказ, чтобы оно предстало перед читателем как система последовательно связанных между собой положений, чтобы о нем сложилось некоторое целостное впечатление. Хронологическое изложение дополнено рядом параграфов, в которых обобщенно, в виде типологии представлены античные учения о человеке. 
451 1 |0 (RuTPU)RU\TPU\book\42086  |y 5-88687-114-4  |t Философия древнего мира и средних веков  |o учебное пособие по курсу истории философии  |f В. Т. Звиревич  |c М.  |n Академический проект  |c Екатеринбург  |n Деловая книга  |d 2002  |p 348 с.  |s Gaudeamus  |a Звиревич, Витольд Титович 
451 |y 5-8291-0166-1 
606 1 |a Средневековая философия  |2 stltpush  |3 (RuTPU)RU\TPU\subj\56092  |9 74023 
606 1 |a Философия   |x История  |2 stltpush  |3 (RuTPU)RU\TPU\subj\63881  |9 80813 
610 1 |a древняя философия 
610 1 |a Индия 
610 1 |a Китай 
610 1 |a мифы 
610 1 |a древнегреческая философия 
610 1 |a античная философия 
610 1 |a Древний Рим 
610 1 |a средневековая философия 
610 1 |a Византия 
610 1 |a восточная философия 
610 1 |a арабская философия 
610 1 |a мусульманская культура 
610 1 |a Западная Европа 
610 1 |a учебные пособия 
686 |a Ю3(0)3я73  |v LBC/SL-A  |2 rubbk 
686 |a Ю3(0)41я73  |v LBC/SL-A  |2 rubbk 
700 1 |a Звиревич  |b В. Т.  |g Витольд Титович 
801 1 |a RU  |b 63413507  |c 20081007  |g PSBO 
801 2 |a RU  |b 63413507  |c 20150616  |g PSBO 
900 |a Философия 
942 |c BK 
959 |a 88/20081006  |d 2  |e 130,00  |f АНЛ:1  |f ЧЗГЛ:1